Ein Tagebuch aus Prag 1945-46

Bibliographic Details
Other Authors: Schieder, Theodor, 1908-1984 (Compiler)
Format: Book
Language:German
PhysicalDescription:279 s., [1] mp. príl. 24 cm
Published: [Bonn] Bundesministerium für Vertriebene c1957
ISBN:(viaz.)
Series:Dokumentation der Vertreibung der Deutschen aus Ost-Mitteleuropa
Subjects:

MARC

LEADER 00000nam a2200000 a 4500
001 vtls008305466
003 SK-MaSNL
005 20260301181003.0
008 251029s1957 gw b g 000 0 ger
020 |a (viaz.) 
040 |a SNK  |b slo  |c SNK  |e AACR2 
041 0 |a ger 
043 |a et----- 
044 |a gw  |c DE 
072 7 |a 323  |x Vnútropolitický vývoj, politický život  |2 konspekt 
080 |a 314.156.2  |2 2001 
080 |a 323.1  |2 2001 
080 |a 314.745.23  |2 2001 
080 |a 341.43  |2 2001 
080 |a (4-191.2)+(4-11)  |2 2001 
080 |a (093.3)  |2 2001 
080 |a (048.8)  |2 2001 
245 0 0 |a Ein Tagebuch aus Prag 1945-46  |c [bearbeitet von Theodor Schieder] 
246 1 8 |a Dokumentation der Vertreibung  |n 2. Beih. 
260 |a [Bonn]  |b Bundesministerium für Vertriebene  |c c1957 
300 |a 279 s., [1] mp. príl.  |c 24 cm 
490 1 |a Dokumentation der Vertreibung der Deutschen aus Ost-Mitteleuropa  |v 2. Beih. 
648 7 |a 1945-1946  |2 SNKPH  |9 299246 
650 0 7 |a Nemci  |2 SNKPH  |9 22551 
650 0 7 |a odsun obyvateľstva  |2 SNKPH  |9 122316 
650 0 7 |a národnostné pomery  |2 SNKPH  |9 3861 
650 0 7 |a národnostná politika  |2 SNKPH  |9 4656 
651 7 |a Európa stredná  |2 SNKPH  |9 23970 
655 7 |a denníky  |2 SNKPH  |9 70534 
655 7 |a štúdie  |2 SNKPH  |9 57033 
700 1 |a Schieder, Theodor,  |d 1908-1984  |4 com  |9 122329 
830 0 |a Dokumentation der Vertreibung der Deutschen aus Ost-Mitteleuropa  |9 442294 
999 |c 848314  |d 850244 
952 |a SNK  |b SNK  |y VYP  |7 0  |p 17A0489230  |o snkIC 132771/2  |i snk2005/21060  |8 2  |g 9.00  |0 0  |1 0  |4 0  |d 2005-10-26  |l 0  |r 2026-02-24 04:33:26  |w 2026-02-24